| 000 | 00583cam a2200181 a 4500 | ||
|---|---|---|---|
| 999 |
_c1445 _d1445 |
||
| 001 | 19093 | ||
| 003 | BD-DhUAP | ||
| 005 | 20210121111205.0 | ||
| 008 | 051214s2004 ii 00| 0 eng | ||
| 040 |
_aBD-DhUAP _cBD-DhUAP _dBD-DhUAP _bEng |
||
| 082 |
_223 _a347.5409 KWA |
||
| 100 | 1 | _aKwatra, G. K. | |
| 245 | 1 | 0 |
_aArbitration and contract law in SAARC countries with case law on UNCITRAL model law / _cG. K. Kwatra. |
| 260 |
_aNew Delhi : _bUniversal law publishing, _c2004. |
||
| 300 |
_axxiv, 404 pages ; _c25 cm. |
||
| 650 | 0 |
_aArbitration and award _zSouth Asia. |
|
| 942 |
_2ddc _cBK |
||